000
00299nam a2200145Ia 4500
100
_a
Walsh/ Aaron/E
942
_c
BK
654
_a
Computer
245
_a
Java for Dummies
260
_b
Comdex Pub
_a
New Delhi
_c
1996
082
_a
5.133
_b
WAL
300
_a
362
546
_a
ENGLISH
999
_c
32800
_d
32800